| Tag |
First Indicator |
Second Indicator |
Subfields |
| LEADER |
00000cam a22000001a 4500 |
| 001 |
in00003782521 |
| 005 |
20190408184440.0 |
| 006 |
m o d f |
| 007 |
cr bn mmmapmmp |
| 008 |
141216s1916 dcu o f000 0 eng d |
| 035 |
|
|
|a ebd1910507742
|
| 040 |
|
|
|a UMI
|c UMI
|d UtOrBLW
|
| 086 |
0 |
|
|a A 1.9:783
|
| 099 |
|
|
|a A1.9-783
|
| 245 |
0 |
0 |
|a Laws relating to fur-bearing animals, 1916; summary of laws in U.S. and Canada relating to trapping, protection, propagation, and bounties.
|
| 264 |
|
1 |
|a [Washington] :
|b GPO,
|c 1916.
|
| 300 |
|
|
|a 1 online resource (28 pages)
|
| 336 |
|
|
|a text
|b txt
|2 rdacontent
|
| 337 |
|
|
|a computer
|b c
|2 rdamedia
|
| 338 |
|
|
|a online resource
|b cr
|2 rdacarrier
|
| 533 |
|
|
|a Electronic reproduction.
|b [Bethesda, Md.] :
|c ProQuest,
|d 2014.
|e digital, PDF file.
|n ProQuest U.S. Executive Branch Documents
|n Mode of access: World Wide Web via ProQuest website.
|
| 588 |
|
|
|a Record is based on online resource; title from PDF title page (ProQuest, last viewed Dec. 2014). Reuse except for individual research requires license from ProQuest, LLC.
|
| 500 |
|
|
|a Electronic resource.
|
| 610 |
1 |
0 |
|a United States.
|t Laws, etc. (Statutes of the United States)
|0 http://id.loc.gov/authorities/names/no99035336
|
| 650 |
|
0 |
|a Fur trade.
|0 http://id.loc.gov/authorities/subjects/sh85052495
|
| 650 |
|
0 |
|a Hunting.
|0 http://id.loc.gov/authorities/subjects/sh85063117
|
| 651 |
|
0 |
|a Canada.
|0 http://id.loc.gov/authorities/names/n79007233
|
| 655 |
|
7 |
|a Electronic books.
|2 local
|
| 856 |
4 |
0 |
|u http://proxy.library.tamu.edu/login?url=http://congressional.proquest.com/congressional/docview/t66.d71.a1.9-783
|z Connect to the full text of this electronic document
|t 0
|
| 999 |
f |
f |
|s 22b91c02-f706-34e7-8f6f-faad3026460c
|i 3dc1015b-d389-3664-9192-cd068b2457a9
|t 0
|
| 952 |
f |
f |
|a Texas A&M University
|b College Station
|c Electronic Resources
|d Available Online
|t 0
|h No information provided
|
| 998 |
f |
f |
|t 0
|l Available Online
|